[Event "5. HSK Weihnachts-Open 2019"]
[Site "Hamburg"]
[Date "2019.12.28"]
[Round "4.30"]
[White "Hermes, Simon"]
[Black "Lohkamp, Rolf"]
[Result "0-1"]
[WhiteElo "1673"]
[BlackElo "1452"]
[PlyCount "72"]
[EventDate "2019.12.27"]

1. d4 Nf6 2. Bf4 g6 3. Nc3 Bg7 4. e4 d5 5. e5 Ne4 6. Nxe4 dxe4 7. Bc4 O-O 8.
Ne2 Bg4 9. Qd2 Bxe2 10. Bxe2 e6 11. h4 f6 12. exf6 Bxf6 13. O-O-O Qd5 14. Kb1
Nc6 15. Qc1 Nxd4 16. Bg4 Qc6 17. h5 Nf5 18. hxg6 hxg6 19. Rh2 e5 20. Bh6 Rf7
21. Bg5 Rh7 22. Rxh7 Kxh7 23. Bxf6 Qxf6 24. Rd7+ Kg8 25. Rxc7 Qh4 26. Bxf5 gxf5
27. g3 Qh5 28. Qf1 Rd8 29. Qc4+ Kf8 30. b3 Qd1+ 31. Kb2 Qd4+ 32. Qxd4 exd4 33.
Rxb7 e3 34. fxe3 dxe3 35. Rh7 e2 36. Rh1 Rd1 0-1

[Event "5. HSK Weihnachts-Open 2019"]
[Site "Hamburg"]
[Date "2019.12.28"]
[Round "4.32"]
[White "Schulze, Tim"]
[Black "Fuhrmann, Jeppe"]
[Result "1-0"]
[WhiteElo "1496"]
[BlackElo "1327"]
[PlyCount "33"]
[EventDate "2019.12.27"]

1. d4 Nf6 2. Bf4 g6 3. e3 Bg7 4. Nc3 O-O 5. h4 d6 6. h5 Bf5 7. hxg6 fxg6 8. f3
d5 9. g4 Be6 10. Qe2 Nbd7 11. Qh2 c6 12. Bd3 Bf7 13. Bh6 Qe8 14. Bxg7 Kxg7 15.
Qh6+ Kh8 16. g5 Nh5 17. Rxh5 1-0

[Event "5. HSK Weihnachts-Open 2019"]
[Site "Hamburg"]
[Date "2019.12.28"]
[Round "4.33"]
[White "Queißer, Jens"]
[Black "Meyer, Harald"]
[Result "1-0"]
[WhiteElo "1429"]
[BlackElo "1298"]
[PlyCount "59"]
[EventDate "2019.12.27"]

1. g3 Nf6 2. Bg2 e6 3. Nf3 Be7 4. O-O d6 5. d3 Nbd7 6. c3 Nf8 7. Nbd2 Ng6 8. e4
e5 9. Qc2 c6 10. a4 a5 11. Re1 Be6 12. Ng5 Rc8 13. Nxe6 fxe6 14. Qb3 Qd7 15.
Nf3 h6 16. Bh3 d5 17. exd5 cxd5 18. Nxe5 Nxe5 19. Rxe5 Rc6 20. Bd2 g5 21. Rae1
g4 22. Bg2 Kf7 23. c4 Rd6 24. cxd5 Kg6 25. Rxe6 Re8 26. Be4+ Kg7 27. Bf5 Rxe6
28. Bxe6 Qd8 29. Qxb7 Kf8 30. Bxh6# 1-0

[Event "5. HSK Weihnachts-Open 2019"]
[Site "Hamburg"]
[Date "2019.12.28"]
[Round "4.34"]
[White "Echt, Pascal"]
[Black "Wang, Huanying"]
[Result "1-0"]
[WhiteElo "1428"]
[BlackElo "1293"]
[PlyCount "125"]
[EventDate "2019.12.27"]

1. d4 Nf6 2. c4 e6 3. Nf3 Be7 4. g3 O-O 5. Bg2 d6 6. Nc3 Bd7 7. O-O c5 8. d5 e5
9. e4 a6 10. a4 Be8 11. Nd2 Nbd7 12. b3 b6 13. Bb2 Kh8 14. Qe2 g6 15. f4 Rg8
16. Nd1 Bf8 17. Ne3 Bg7 18. f5 Nf8 19. Kh1 Nh5 20. Bf3 f6 21. Bg4 Bd7 22. Bxh5
gxh5 23. Qxh5 Be8 24. Qh3 Nd7 25. g4 Bf7 26. Nf3 Qf8 27. Bc3 Bh6 28. Bd2 Qg7
29. Rg1 Bf4 30. Qh4 h6 31. Rg2 Qh7 32. Rag1 b5 33. axb5 a5 34. Ra1 Bg5 35. Qf2
h5 36. Nxg5 fxg5 37. Rxa5 Raf8 38. b4 Nf6 39. Qf3 h4 40. h3 Nh5 41. gxh5 Bxh5
42. Ng4 Qe7 43. bxc5 dxc5 44. Ra6 Qh7 45. Rh6 Qxh6 46. Nxh6 Bxf3 47. Nxg8 Rxg8
48. Kg1 Bxg2 49. Kxg2 g4 50. hxg4 Rxg4+ 51. Kh3 Rxe4 52. Ba5 Rxc4 53. b6 Ra4
54. b7 Rxa5 55. b8=Q+ Kh7 56. Qc7+ Kh6 57. Qxa5 Kg5 58. Qxc5 Kxf5 59. Qc2+ e4
60. d6 Kf4 61. d7 e3 62. d8=R Kf3 63. Rf8# 1-0

[Event "5. HSK Weihnachts-Open 2019"]
[Site "Hamburg"]
[Date "2019.12.28"]
[Round "4.35"]
[White "Englert, Barbara"]
[Black "Mago, Helmut"]
[Result "0-1"]
[WhiteElo "1240"]
[BlackElo "1247"]
[PlyCount "50"]
[EventDate "2019.12.27"]

1. e4 c5 2. Nc3 g6 3. f4 e6 4. Bc4 Ne7 5. Nf3 d5 6. Bb5+ Nbc6 7. exd5 Nxd5 8.
Nxd5 Qxd5 9. c3 Qe4+ 10. Be2 Bg7 11. d3 Qd5 12. O-O O-O 13. Ng5 f6 14. Bf3 Qd7
15. Ne4 b6 16. Qe1 Bb7 17. b4 cxb4 18. cxb4 f5 19. Nc3 Qd4+ 20. Rf2 Qxc3 21.
Qxe6+ Kh8 22. Bb2 Rae8 23. Qxe8 Rxe8 24. Bxc3 Bxc3 25. g4 Bxa1 0-1

[Event "5. HSK Weihnachts-Open 2019"]
[Site "Hamburg"]
[Date "2019.12.29"]
[Round "5.1"]
[White "Krause, Benedict"]
[Black "Ertan, Can"]
[Result "0-1"]
[WhiteElo "2423"]
[BlackElo "2373"]
[PlyCount "82"]
[EventDate "2019.12.27"]

1. e4 e5 2. Nf3 Nc6 3. Bc4 Nf6 4. d3 Bc5 5. O-O O-O 6. h3 d6 7. c3 a5 8. Nbd2
Be6 9. Bb5 h6 10. Re1 Qb8 11. Nf1 Qa7 12. Be3 Bxe3 13. Nxe3 Qb6 14. a4 Ne7 15.
Bc4 Rad8 16. Bxe6 fxe6 17. Nc4 Qa6 18. Qb3 Ng6 19. Qb5 Qxb5 20. axb5 b6 21. d4
exd4 22. Nxd4 d5 23. exd5 exd5 24. Ne5 Nxe5 25. Rxe5 Rde8 26. f4 g5 27. Rxe8
Rxe8 28. fxg5 hxg5 29. Rf1 Kg7 30. g3 Kg6 31. Kg2 Re3 32. Rf3 Re1 33. Rf1 Re5
34. Rd1 Re3 35. Kf2 Re8 36. Kg2 a4 37. Rd2 Re3 38. Rd1 Ne4 39. Nf3 Re2+ 40. Kg1
Rxb2 41. Ra1 Nxc3 0-1

[Event "5. HSK Weihnachts-Open 2019"]
[Site "Hamburg"]
[Date "2019.12.29"]
[Round "5.2"]
[White "Ritscher, Jan-Paul"]
[Black "Hochgräfe, Markus"]
[Result "1/2-1/2"]
[WhiteElo "2253"]
[BlackElo "2415"]
[PlyCount "26"]
[EventDate "2019.12.27"]

1. d4 d5 2. c4 c6 3. Nf3 Nf6 4. Nc3 dxc4 5. a4 e6 6. Ne5 c5 7. e3 cxd4 8. exd4
Nc6 9. Nxc6 bxc6 10. Bxc4 Be7 11. O-O O-O 12. Be3 {(=)} a5 13. Qd3 Rb8 1/2-1/2

[Event "5. HSK Weihnachts-Open 2019"]
[Site "Hamburg"]
[Date "2019.12.29"]
[Round "5.3"]
[White "Pfreundt, Jakob"]
[Black "Jahncke, Giso"]
[Result "1-0"]
[WhiteElo "2409"]
[BlackElo "2320"]
[PlyCount "71"]
[EventDate "2019.12.27"]

1. d4 Nf6 2. c4 e6 3. Nc3 Bb4 4. e3 O-O 5. Bd2 d5 6. Nf3 b6 7. cxd5 exd5 8. Bd3
a5 9. O-O Ba6 10. Bxa6 Nxa6 11. Ne5 Nb8 12. Rc1 Re8 13. Nb5 c5 14. f3 Bxd2 15.
Qxd2 a4 16. b4 c4 17. Nc3 Qd6 18. b5 Nbd7 19. f4 Nf8 20. g4 N6d7 21. Qg2 f6 22.
Nxd7 Qxd7 23. Qxd5+ Qxd5 24. Nxd5 Rad8 25. Nxb6 Rxe3 26. Nxc4 Rd3 27. b6 Ne6
28. Rfd1 Rf3 29. f5 Nf4 30. b7 Ne2+ 31. Kg2 Nxc1 32. Rxc1 Rf4 33. Ne3 Re4 34.
Rc8 Ree8 35. Nd5 Kf7 36. Nb6 1-0

[Event "5. HSK Weihnachts-Open 2019"]
[Site "Hamburg"]
[Date "2019.12.29"]
[Round "5.4"]
[White "Feuerstack, Aljoscha"]
[Black "Kuberczyk, Christoph"]
[Result "1-0"]
[WhiteElo "2446"]
[BlackElo "2310"]
[PlyCount "73"]
[EventDate "2019.12.27"]

1. e4 c5 2. Nf3 d6 3. d4 cxd4 4. Nxd4 Nf6 5. Nc3 g6 6. Be3 Bg7 7. f3 O-O 8. Qd2
Nc6 9. Bc4 Bd7 10. h4 h5 11. O-O-O Rc8 12. Bb3 Ne5 13. Kb1 Nc4 14. Bxc4 Rxc4
15. g4 hxg4 16. h5 Nxh5 17. Rdg1 gxf3 18. Rxh5 Rxd4 19. Bxd4 e5 20. Bb6 Qxb6
21. Rhh1 Be6 22. Rf1 Rc8 23. Rxf3 Qa5 24. a3 d5 25. exd5 Rd8 26. Qg5 Rxd5 27.
Qe7 Qd8 28. Nxd5 Qxd5 29. Rff1 Qa2+ 30. Kc1 Bd5 31. Qe8+ Bf8 32. Rhg1 Be4 33.
Rf2 b5 34. Rg4 b4 35. Rxe4 bxa3 36. b3 Qb2+ 37. Kd2 1-0

[Event "5. HSK Weihnachts-Open 2019"]
[Site "Hamburg"]
[Date "2019.12.29"]
[Round "5.5"]
[White "Trisic, Aleksandar"]
[Black "Keyser, Robin"]
[Result "1-0"]
[WhiteElo "2328"]
[BlackElo "2022"]
[PlyCount "41"]
[EventDate "2019.12.27"]

1. d4 Nf6 2. Nf3 e6 3. g3 d5 4. Bg2 c5 5. a3 Nc6 6. dxc5 Bxc5 7. b4 Be7 8. Bb2
O-O 9. Nbd2 b6 10. c4 Bb7 11. O-O Rc8 12. cxd5 Nxd5 13. e4 Nc7 14. Rc1 Nb5 15.
Re1 Nbd4 16. Nb3 Nxf3+ 17. Qxf3 Qd6 18. Red1 Ne5 19. Qh5 Nd3 20. e5 Qd7 21.
Bxb7 1-0

[Event "5. HSK Weihnachts-Open 2019"]
[Site "Hamburg"]
[Date "2019.12.29"]
[Round "5.7"]
[White "Porth, Hartmut"]
[Black "Günther, Patrick"]
[Result "1/2-1/2"]
[WhiteElo "2007"]
[BlackElo "2063"]
[PlyCount "137"]
[EventDate "2019.12.27"]

1. e4 Nf6 2. e5 Nd5 3. d4 d6 4. c4 Nb6 5. exd6 cxd6 6. Nc3 g6 7. Be3 Bg7 8. Rc1
O-O 9. b3 Bf5 10. Nf3 d5 11. c5 Nc8 12. Bd3 Bg4 13. Be2 Bxf3 14. Bxf3 e6 15.
Qd2 Nc6 16. Ne2 N8e7 17. g4 e5 18. h4 Re8 19. Kf1 Qd7 20. h5 exd4 21. Nxd4 Ne5
22. hxg6 fxg6 23. Bh6 Bh8 24. Rh4 Nxf3 25. Nxf3 Nc6 26. Rd1 d4 27. Qd3 Qd5 28.
Nd2 Nb4 29. Qc4 Qxc4+ 30. Nxc4 Nxa2 31. Nd6 Re7 32. Bg5 Rc7 33. Rd2 Nc3 34. b4
a5 35. bxa5 Rxc5 36. f4 Rcxa5 37. f5 Rd5 38. Be7 Rxd6 39. Bxd6 Ne4 40. Bf4
Nxd2+ 41. Bxd2 Rf8 42. Ke2 gxf5 43. g5 Be5 44. Rh6 Re8 45. Kd3 Bg7 46. Rb6 Re7
47. Bf4 Kf7 48. Bd6 Re6 49. Rxb7+ Kg6 50. Bf4 Rc6 51. Bd2 Re6 52. Bf4 Bf8 53.
Bd2 Be7 54. Bc1 Bxg5 55. Bxg5 Kxg5 56. Rxh7 Rd6 57. Rg7+ Kf6 58. Rg1 Re6 59.
Kxd4 f4 60. Kd3 Kf5 61. Kd2 f3 62. Re1 Ra6 63. Ke3 Ra3+ 64. Kf2 Kf4 65. Re8
Ra2+ 66. Kf1 f2 67. Rf8+ Ke5 68. Rxf2 Rxf2+ 69. Kxf2 1/2-1/2

[Event "5. HSK Weihnachts-Open 2019"]
[Site "Hamburg"]
[Date "2019.12.29"]
[Round "5.8"]
[White "Kurth, Michael"]
[Black "Hourigan, Gerrit"]
[Result "0-1"]
[WhiteElo "1971"]
[BlackElo "2301"]
[PlyCount "130"]
[EventDate "2019.12.27"]

1. e4 c5 2. Nf3 d6 3. d4 cxd4 4. Nxd4 Nf6 5. Nc3 a6 6. Be2 Nbd7 7. f3 e6 8. Be3
Qc7 9. Qd2 b5 10. a3 Bb7 11. O-O-O Nb6 12. g4 Nfd7 13. h4 Ne5 14. Ndxb5 axb5
15. Nxb5 Qc6 16. Bxb6 Qxb6 17. Nxd6+ Bxd6 18. Qxd6 Qxd6 19. Rxd6 Rd8 20. Rhd1
Rxd6 21. Rxd6 Ke7 22. Rb6 Ba8 23. h5 g6 24. Rb5 Kd6 25. f4 Nd7 26. e5+ Kc7 27.
h6 Bc6 28. Rb4 g5 29. fxg5 Nxe5 30. Rf4 Kd6 31. b4 Rg8 32. c4 Rxg5 33. c5+ Kc7
34. b5 Bf3 35. b6+ Kb8 36. Ba6 Bg2 37. Be2 f5 38. gxf5 Rxf5 39. Rd4 Nf7 40. Bd3
Rxc5+ 41. Kb2 Nxh6 42. Rh4 Nf7 43. Rxh7 Nd6 44. Rh6 Bd5 45. a4 Kb7 46. Bh7 Rc8
47. a5 Ka6 48. Rg6 Nb7 49. Rg8 Nd8 50. Rg7 Kxa5 51. Bg8 Kxb6 52. Rg3 Nc6 53.
Bxe6 Bxe6 54. Kc3 Kc5 55. Rg7 Rh8 56. Rg3 Ra8 57. Kd2 Ne5 58. Rg7 Kd4 59. Rg3
Ra2+ 60. Kc1 Bf5 61. Kd1 Nc4 62. Kc1 Rc2+ 63. Kd1 Ne3+ 64. Ke1 Bd3 65. Rg7 Re2#
0-1

[Event "5. HSK Weihnachts-Open 2019"]
[Site "Hamburg"]
[Date "2019.12.29"]
[Round "5.9"]
[White "Schroeder, Christoph"]
[Black "Giraud, Valerian"]
[Result "1/2-1/2"]
[WhiteElo "2159"]
[BlackElo "1972"]
[PlyCount "92"]
[EventDate "2019.12.27"]

1. e4 c5 2. Nf3 d6 3. d4 cxd4 4. Nxd4 Nf6 5. Nc3 a6 6. Be2 e5 7. Nb3 Be7 8. Bg5
Nxe4 9. Nxe4 Bxg5 10. Nxd6+ Ke7 11. Nxc8+ Qxc8 12. Qd5 Nc6 13. Qc5+ Kf6 14. h4
Bh6 15. g4 Bf4 16. g5+ Kg6 17. Bd3+ Kh5 18. Qd5 Rf8 19. Nc5 Nd4 20. c3 Qc6 21.
Be2+ Nxe2 22. Qxc6 bxc6 23. Kxe2 Rfd8 24. Ne4 Rd5 25. Rad1 Rad8 26. Rxd5 cxd5
27. Nc5 a5 28. Nd3 Kg4 29. Rg1+ Kf5 30. f3 Rb8 31. b3 h5 32. gxh6 Bxh6 33. Rg4
e4 34. Nf2 Re8 35. fxe4+ dxe4 36. Rg1 Rd8 37. Rd1 Rxd1 38. Nxd1 Ke5 39. Ne3
Bxe3 40. Kxe3 f5 41. b4 f4+ 42. Ke2 axb4 43. cxb4 Kd4 44. b5 f3+ 45. Kf2 Kc5
46. a4 Kb6 1/2-1/2

[Event "5. HSK Weihnachts-Open 2019"]
[Site "Hamburg"]
[Date "2019.12.29"]
[Round "5.10"]
[White "Jablonowski, Christoph"]
[Black "Popvasilev, Kaloyan"]
[Result "1/2-1/2"]
[WhiteElo "1969"]
[BlackElo "2133"]
[PlyCount "100"]
[EventDate "2019.12.27"]

1. d4 Nf6 2. c4 Nc6 3. Nf3 e6 4. g3 Bb4+ 5. Bd2 a5 6. a3 Bxd2+ 7. Nbxd2 d6 8.
Bg2 O-O 9. e4 e5 10. d5 Nb8 11. O-O Bg4 12. h3 Bh5 13. Qc2 Nbd7 14. b4 c6 15.
dxc6 bxc6 16. Nh4 Bg6 17. Nxg6 hxg6 18. Nb3 axb4 19. axb4 Qb6 20. Qd2 Rxa1 21.
Rxa1 Rb8 22. Ra4 Nc5 23. bxc5 Qxb3 24. Qxd6 Kh7 25. Ra1 Qb2 26. Rd1 Ra8 27. Qd2
Qxd2 28. Rxd2 Ra1+ 29. Kh2 Ra5 30. f3 Rxc5 31. Bf1 g5 32. Ra2 Ne8 33. Bd3 Kg6
34. Kg2 Nc7 35. Kf2 Kf6 36. Ke3 Ke6 37. Ra7 Kd6 38. Kd2 g6 39. Ke3 Kd7 40. Kd2
Kd6 41. Ke3 Kd7 42. h4 gxh4 43. gxh4 Kd6 44. Bf1 f6 45. Kd3 Ne6 46. Kc3 Nd4 47.
Kb4 Nc2+ 48. Kc3 Nd4 49. Kb4 Nc2+ 50. Kc3 Nd4 1/2-1/2

[Event "5. HSK Weihnachts-Open 2019"]
[Site "Hamburg"]
[Date "2019.12.29"]
[Round "5.11"]
[White "Falke, Isaak"]
[Black "Nyenhuis, Yannek"]
[Result "1/2-1/2"]
[WhiteElo "2107"]
[BlackElo "1951"]
[PlyCount "74"]
[EventDate "2019.12.27"]

1. d4 Nf6 2. Bf4 d5 3. e3 c5 4. c3 Nc6 5. Bd3 Qb6 6. b3 Bg4 7. f3 Bh5 8. Nd2
cxd4 9. exd4 e6 10. Ne2 Ba3 11. g4 Bg6 12. Bxg6 hxg6 13. b4 Bb2 14. Rb1 Bxc3
15. Nxc3 Nxd4 16. Nb3 Nxb3 17. Rxb3 Rc8 18. Qe2 O-O 19. Qf2 Qa6 20. b5 Qa5 21.
Bd2 Qc7 22. Qxa7 Qe5+ 23. Qe3 Qd6 24. Ne2 Rfe8 25. O-O Rc2 26. Ra1 e5 27. Bb4
Qd7 28. Qd3 Rc4 29. h3 Qxb5 30. Be1 Qd7 31. Bh4 e4 32. fxe4 Rexe4 33. Nd4 Nxg4
34. hxg4 Qxg4+ 35. Bg3 Rcxd4 36. Qf3 Qxf3 37. Rxf3 Re2 1/2-1/2

[Event "5. HSK Weihnachts-Open 2019"]
[Site "Hamburg"]
[Date "2019.12.29"]
[Round "5.12"]
[White "Sonntag, Sven"]
[Black "Wanner, Lukas"]
[Result "0-1"]
[WhiteElo "1954"]
[BlackElo "2099"]
[PlyCount "50"]
[EventDate "2019.12.27"]

1. c4 e5 2. Nc3 Nc6 3. g3 Bc5 4. Bg2 a6 5. e3 Ba7 6. Nge2 d6 7. O-O h5 8. d4
Bg4 9. h3 Bd7 10. Kh2 h4 11. g4 f5 12. gxf5 Bxf5 13. d5 Nce7 14. e4 Bg6 15. f4
Nf6 16. Qb3 Rb8 17. Bf3 Qd7 18. a4 Bh5 19. Nd1 c6 20. fxe5 dxe5 {(=)} 21. Bg5
O-O 22. Bxh5 Nxh5 23. Ne3 Rbe8 24. c5 cxd5 25. Bxe7 Rxe7 {(ZÜ)} 0-1

[Event "5. HSK Weihnachts-Open 2019"]
[Site "Hamburg"]
[Date "2019.12.29"]
[Round "5.13"]
[White "Callsen, Niklas"]
[Black "Mix, Clemens"]
[Result "1/2-1/2"]
[WhiteElo "2072"]
[BlackElo "1931"]
[PlyCount "103"]
[EventDate "2019.12.27"]

1. e4 c5 2. Nf3 Nc6 3. d4 cxd4 4. Nxd4 Nf6 5. Nc3 e5 6. Ndb5 d6 7. Bg5 a6 8.
Na3 b5 9. Nd5 Be7 10. Bxf6 Bxf6 11. c4 b4 12. Nc2 O-O 13. g3 Bg5 14. Bg2 a5 15.
O-O Be6 16. Qd3 Ra7 17. b3 f5 18. a3 bxa3 19. Rxa3 Raf7 20. b4 axb4 21. Ra6 Qc8
22. Rb6 Bd8 23. Rb5 fxe4 24. Bxe4 Bh3 25. Bg2 e4 26. Bxh3 exd3 27. Bxc8 dxc2
28. Be6 Nd4 29. Nxb4 Nxe6 30. Nxc2 Nc5 31. Ne3 Bf6 32. Nf5 Be5 33. g4 Nd3 34.
Rd5 Nf4 35. Nxd6 Nxd5 36. Nxf7 Rxf7 37. cxd5 Rf4 38. h3 Rd4 39. Kg2 Kf7 40. Kf3
Kf6 41. Ke3 Rxd5 42. h4 Bd6 43. f4 Bc5+ 44. Ke4 Rd4+ 45. Kf3 h5 46. gxh5 Kf5
47. h6 gxh6 48. Rc1 Rxf4+ 49. Kg2 Rg4+ 50. Kh3 Bd6 51. h5 Kg5 52. Rg1 1/2-1/2

[Event "5. HSK Weihnachts-Open 2019"]
[Site "Hamburg"]
[Date "2019.12.29"]
[Round "5.14"]
[White "Szobries, Torsten"]
[Black "Von Rosen, Jakob"]
[Result "1-0"]
[WhiteElo "2034"]
[BlackElo "1665"]
[PlyCount "61"]
[EventDate "2019.12.27"]

1. Nf3 c5 2. e3 g6 3. c4 Bg7 4. Nc3 Nf6 5. Be2 O-O 6. O-O Nc6 7. a3 d5 8. cxd5
Nxd5 9. Nxd5 Qxd5 10. d3 a6 11. Rb1 Be6 12. b3 Rfd8 13. Bb2 Bh6 14. Ba1 Na5 15.
b4 cxb4 16. axb4 Nc6 17. Qc2 Rac8 18. Qb2 f6 19. b5 Na5 20. Nd4 Bf7 21. Qb4 e5
22. Qxa5 exd4 23. Bxd4 Qd6 24. bxa6 bxa6 25. Rb6 Qc7 26. Qxa6 Ra8 27. Qb5 Ra2
28. Bf3 f5 29. Rb7 Qd6 30. Qb1 Rc8 31. Rxf7 1-0

[Event "5. HSK Weihnachts-Open 2019"]
[Site "Hamburg"]
[Date "2019.12.29"]
[Round "5.15"]
[White "Keyser, Philipp"]
[Black "Grunert, Friedrich"]
[Result "1-0"]
[WhiteElo "1980"]
[BlackElo "1930"]
[PlyCount "49"]
[EventDate "2019.12.27"]

1. e4 e6 2. d4 d5 3. Nd2 Nc6 4. Ngf3 Nf6 5. e5 Nd7 6. Nb3 a5 7. a4 b6 8. Bb5
Na7 9. Be2 c5 10. c3 Nc6 11. h4 Ba6 12. h5 Bxe2 13. Qxe2 h6 14. Rh3 Rc8 15. Kf1
cxd4 16. Nbxd4 Nxd4 17. Nxd4 Be7 18. Rg3 Kf8 19. Qg4 Rg8 20. Nxe6+ fxe6 21.
Rf3+ Bf6 22. exf6 Nxf6 23. Qxe6 Rc4 24. b3 Re4 25. Ba3+ 1-0

[Event "5. HSK Weihnachts-Open 2019"]
[Site "Hamburg"]
[Date "2019.12.29"]
[Round "5.17"]
[White "Neumann, Oskar"]
[Black "Renger, Maik"]
[Result "1/2-1/2"]
[WhiteElo "1682"]
[BlackElo "1959"]
[PlyCount "27"]
[EventDate "2019.12.27"]

1. e4 e5 2. Nf3 Nf6 3. Nxe5 d6 4. Nf3 Nxe4 5. d4 d5 6. Bf4 Bd6 7. Bxd6 Qxd6 8.
Nbd2 O-O 9. Be2 Nd7 10. O-O c5 11. c3 b6 12. dxc5 Qxc5 13. Nb3 Qd6 14. Re1
1/2-1/2

[Event "5. HSK Weihnachts-Open 2019"]
[Site "Hamburg"]
[Date "2019.12.29"]
[Round "5.18"]
[White "Atri, Jamshid"]
[Black "Bloh, Fabian"]
[Result "1-0"]
[WhiteElo "1917"]
[BlackElo "1695"]
[PlyCount "109"]
[EventDate "2019.12.27"]

1. e4 e6 2. d4 d5 3. Nc3 Nf6 4. Bg5 Be7 5. e5 Nfd7 6. h4 h6 7. Bxe7 Qxe7 8. Qd2
a6 9. f4 c5 10. Nf3 Nc6 11. dxc5 Nxc5 12. O-O-O b5 13. Bd3 Bd7 14. Kb1 Na5 15.
Nxd5 exd5 16. Qxa5 Nxd3 17. Rxd3 Qc5 18. Qd2 Be6 19. Nd4 g6 20. h5 Ke7 21. Qe2
Bf5 22. Nxf5+ gxf5 23. Rhd1 Rad8 24. g4 fxg4 25. Qxg4 Rhg8 26. Qh4+ Ke8 27.
Qxd8+ Kxd8 28. Rxd5+ Qxd5 29. Rxd5+ Ke7 30. a4 bxa4 31. Rd6 Rg1+ 32. Ka2 Rf1
33. Rxh6 Rxf4 34. Rxa6 Rh4 35. h6 Rh5 36. Rxa4 Rxh6 37. Ra7+ Ke8 38. c4 Re6 39.
Ra5 Kd8 40. Rc5 f6 41. exf6 Rxf6 42. Ka3 Ra6+ 43. Kb4 Rb6+ 44. Kc3 Kd7 45. b4
Kd6 46. Rh5 Kc7 47. Rh7+ Kc8 48. c5 Rg6 49. Kc4 Rg4+ 50. Kb5 Rf4 51. Ka5 Rf5
52. Kb6 Rf6+ 53. c6 Rf4 54. Rh8+ Rf8 55. Rxf8# 1-0

[Event "5. HSK Weihnachts-Open 2019"]
[Site "Hamburg"]
[Date "2019.12.29"]
[Round "5.19"]
[White "Frackowiak, Stanislaw"]
[Black "Schwarzkopf, Jörg"]
[Result "0-1"]
[WhiteElo "1675"]
[BlackElo "1874"]
[PlyCount "44"]
[EventDate "2019.12.27"]

1. d4 d6 2. e3 g6 3. Nf3 Bg7 4. Bd3 Nc6 5. O-O e5 6. c3 Nf6 7. dxe5 dxe5 8. Bb5
Qe7 9. Re1 Bd7 10. Ba4 O-O 11. Bc2 Rad8 12. Qe2 a6 13. Nbd2 e4 14. Nd4 Rfe8 15.
Qf1 Nxd4 16. exd4 Bb5 17. c4 Bc6 18. d5 Bd7 19. Nxe4 Nxe4 20. f3 Bd4+ 21. Be3
Bxe3+ 22. Rxe3 Qc5 0-1

[Event "5. HSK Weihnachts-Open 2019"]
[Site "Hamburg"]
[Date "2019.12.29"]
[Round "5.20"]
[White "Egelriede, Nikolas"]
[Black "Bauer, Marcus"]
[Result "1/2-1/2"]
[WhiteElo "1865"]
[BlackElo "1682"]
[PlyCount "88"]
[EventDate "2019.12.27"]

1. e4 c5 2. Nf3 Nc6 3. Bb5 g6 4. Bxc6 bxc6 5. O-O Bg7 6. Re1 Nf6 7. e5 Ng8 8.
Nc3 Nh6 9. d3 O-O 10. Ne4 Qb6 11. Rb1 Rd8 12. Bg5 Kf8 13. Be3 d6 14. exd6 exd6
15. b4 Qa6 16. bxc5 d5 17. Nd6 Nf5 18. Bf4 Nxd6 19. Bxd6+ Kg8 20. d4 Bg4 21.
Rb3 Re8 22. Qb1 Bxf3 23. Rxe8+ Rxe8 24. Rb8 Qe2 25. gxf3 Bxd4 26. Rxe8+ Qxe8
27. Qb4 Bg7 28. Qb7 a5 29. Qa6 Bc3 30. Kg2 Kg7 31. Bc7 Bb4 32. Bd6 Qd7 33. Be5+
f6 34. Bd4 Qc7 35. c3 Ba3 36. Qe2 Kf7 37. Qe3 Qe7 38. Qh6 Kg8 39. Qh4 Kg7 40.
Qh3 Bxc5 41. Bxc5 Qxc5 42. Qd7+ Kg8 43. Qe6+ Kg7 44. Qd7+ Kg8 1/2-1/2

[Event "5. HSK Weihnachts-Open 2019"]
[Site "Hamburg"]
[Date "2019.12.29"]
[Round "5.21"]
[White "Gonzales Leon, Heriberto"]
[Black "Schmid, Janusch"]
[Result "0-1"]
[WhiteElo "1666"]
[BlackElo "1845"]
[PlyCount "92"]
[EventDate "2019.12.27"]

1. e4 e5 2. Nf3 Nc6 3. Bb5 d6 4. c3 Nf6 5. d3 Bg4 6. h3 Bh5 7. g4 Bg6 8. Nh4 a6
9. Bxc6+ bxc6 10. Qa4 Qd7 11. c4 Be7 12. Nc3 Nxe4 13. Nxg6 Nxc3 14. bxc3 hxg6
15. Rb1 c5 16. Qxd7+ Kxd7 17. f4 exf4 18. Bxf4 Rae8 19. Kd2 Bh4 20. Rhf1 Re7
21. Rf3 Rhe8 22. Re3 g5 23. Rxe7+ Rxe7 24. Be3 f6 25. d4 cxd4 26. cxd4 Kc8 27.
d5 Bg3 28. Kd3 Bf4 29. Ba7 c5 30. Rb8+ Kc7 31. Kc2 g6 32. Rb6 Rh7 33. Rxa6 Kb7
34. Ra3 Rh8 35. Kd1 Be5 36. Bxc5 dxc5 37. Kc2 Bd4 38. Rb3+ Kc7 39. Ra3 f5 40.
Ra7+ Kb6 41. Re7 Rg8 42. Re6+ Kc7 43. a4 f4 44. Kd1 f3 45. Ke1 f2+ 46. Kf1 Ra8
0-1

[Event "5. HSK Weihnachts-Open 2019"]
[Site "Hamburg"]
[Date "2019.12.29"]
[Round "5.23"]
[White "Lohkamp, Rolf"]
[Black "Zierott, Jan"]
[Result "1/2-1/2"]
[WhiteElo "1452"]
[BlackElo "1803"]
[PlyCount "37"]
[EventDate "2019.12.27"]

1. d4 e6 2. c4 Nf6 3. Nc3 d5 4. Bg5 c6 5. e4 dxe4 6. Nge2 Qa5 7. Bxf6 gxf6 8.
Qd2 f5 9. Nxe4 Bb4 10. N4c3 Nd7 11. g3 Nf6 12. Bg2 Bd7 13. O-O O-O-O 14. a3 Be7
15. b4 Qc7 16. c5 h5 17. a4 h4 18. b5 hxg3 19. fxg3 1/2-1/2

[Event "5. HSK Weihnachts-Open 2019"]
[Site "Hamburg"]
[Date "2019.12.29"]
[Round "5.25"]
[White "Nickel, Jonas"]
[Black "Queißer, Jens"]
[Result "1-0"]
[WhiteElo "1793"]
[BlackElo "1429"]
[PlyCount "101"]
[EventDate "2019.12.27"]

1. e4 c6 2. d4 d5 3. exd5 cxd5 4. Bf4 Nf6 5. Bd3 Bg4 6. Nf3 e6 7. c3 Nbd7 8.
Nbd2 Be7 9. Qc2 h6 10. h3 Nh5 11. Bh2 Bxf3 12. Nxf3 O-O 13. O-O Nb6 14. Ne5 Bd6
15. g4 f6 16. Bh7+ Kh8 17. Ng6+ Kxh7 18. Nxf8+ Kg8 19. Bxd6 Qxd6 20. Ng6 Nf4
21. Nxf4 Qxf4 22. Qe2 e5 23. dxe5 fxe5 24. Rad1 Rf8 25. a4 Qxa4 26. Qxe5 Qc6
27. Rfe1 Qf6 28. Qxf6 Rxf6 29. Re8+ Kf7 30. Rde1 Nc4 31. R1e7+ Kg6 32. Rxb7 Nd6
33. Ree7 Nxb7 34. Rxb7 Rb6 35. Rxb6+ axb6 36. f4 b5 37. Kf2 Kf6 38. Ke3 g5 39.
f5 Ke5 40. b3 Kd6 41. Kd4 Kc6 42. f6 Kd6 43. f7 Ke7 44. Kxd5 Kxf7 45. Kd6 Kf6
46. c4 bxc4 47. bxc4 Kf7 48. c5 Ke8 49. Kc7 Ke7 50. c6 Ke8 51. Kb7 1-0

[Event "5. HSK Weihnachts-Open 2019"]
[Site "Hamburg"]
[Date "2019.12.29"]
[Round "5.27"]
[White "Kaußmann, Jean-David"]
[Black "Schulze, Tim"]
[Result "1/2-1/2"]
[WhiteElo "1593"]
[BlackElo "1496"]
[PlyCount "42"]
[EventDate "2019.12.27"]

1. d4 Nf6 2. Bf4 c5 3. e3 Qb6 4. b3 g6 5. Nf3 Bg7 6. Bxb8 Rxb8 7. Be2 O-O 8.
O-O cxd4 9. Qxd4 Qxd4 10. exd4 b6 11. Nbd2 Bb7 12. c4 d5 13. Rad1 dxc4 14. bxc4
Ne4 15. Nxe4 Bxe4 16. Rfe1 Rfd8 17. d5 Bc3 18. Rf1 Bb4 19. Ne5 Bc2 20. Nc6 Bxd1
21. Rxd1 Bc5 1/2-1/2

[Event "5. HSK Weihnachts-Open 2019"]
[Site "Hamburg"]
[Date "2019.12.29"]
[Round "5.28"]
[White "Hinrichs, Winfried"]
[Black "Floren, Dieter"]
[Result "0-1"]
[WhiteElo "1493"]
[BlackElo "1703"]
[PlyCount "88"]
[EventDate "2019.12.27"]

1. e4 e5 2. Nf3 Nc6 3. Bb5 a6 4. Bxc6 dxc6 5. O-O Bg4 6. h3 h5 7. d3 Qf6 8.
Nbd2 Ne7 9. Nc4 Bxf3 10. Qxf3 Qxf3 11. gxf3 Ng6 12. Be3 O-O-O 13. Rad1 f6 14.
d4 exd4 15. Rxd4 Bd6 16. Nxd6+ cxd6 17. Kh2 Ne5 18. Kg2 g5 19. Rfd1 Nf7 20. Kf1
Rhe8 21. f4 g4 22. hxg4 hxg4 23. b4 Re7 24. Bc1 Rde8 25. Re1 f5 26. Rd3 Rxe4
27. Rxe4 Rxe4 28. Bd2 d5 29. f3 gxf3 30. Rxf3 Nd6 31. c3 {(=)} Re7 32. Rh3 Kd7
33. Be3 Ne4 34. Bd4 Nd2+ 35. Kf2 Nc4 36. Rh5 Rf7 37. Ke2 a5 38. bxa5 Nxa5 39.
Rh8 Nc4 40. Kd3 b6 41. Rb8 Kc7 42. Ra8 Kb7 43. Re8 Rh7 44. Be5 Rh2 0-1